00794nas a2200241 i 4500001000400000003000900004005001700013007000300030008004100033022001400074080000800088245006800096260003800164300003000202310001500232362005300247650002800300700003100328852001900359866003300378999001300411952012800424655ES-MaACL20250806085353.0t|950801d19441952sp | | 1 ||pa d a0210-6280 a61700aCirugía del aparato locomotor / cdir. ... Laureano Olivares. aMadrid : bTip. Art, c1944-1952. a8 v. : bgrab. ; c25 cm. aTrimestral0 aVol. 1, n. 1 (en. 1944)--v. 9, n. 4. (oct. 1952)17aCirugía2embne9110500 aOlivares, Laureano.986768 aES-MaACLjK-60 0o(1944f.fasc.I)1945-50(1951). c655d655 001040708HemerotecaaATENEOMbATENEOMcADMd2008-01-17eSCl0oK-60p1000668r2023-02-23 00:00:00w2023-02-23yPERIODICA